Ninjago Postacie Sezon 10: Marsz Oni - Statystyki

Ogólne statystyki
  • Ten quiz został rozwiązany 11 razy
  • Średni wynik to 35 z 50
Statystyki odpowiedzi
Odcinek Postać % Poprawnych
1. "Siły ciemności nadchodzą" Cole
100%
2. "W otchłań ciemności" Cole
100%
3. "Upadek" Cole
100%
4. "Pożegnanie" Cole
100%
Kai
100%
Kai
100%
Kai
100%
Kai
100%
Lloyd Garmadon
100%
Lloyd Garmadon
100%
Lloyd Garmadon
100%
Lloyd Garmadon
100%
Nya
100%
Nya
100%
Nya
100%
Nya
100%
Wu
100%
Wu
100%
Garmadon
90%
Garmadon
90%
Garmadon
90%
Garmadon
90%
Jay
90%
Jay
90%
Jay
90%
Jay
90%
Zane
90%
Zane
90%
Zane
90%
Zane
90%
Misako
70%
Dareth
50%
Omega
50%
Omega
50%
Omega
50%
Pierwszy Mistrz Spinjitzu
50%
PIXAL
50%
PIXAL
50%
PIXAL
50%
Gayle Plotkara
20%
Gayle Plotkara
20%
Komisarz Policji
20%
Vinny
20%
Vinny
20%
Pramatka
10%
+ ostatnia postać w Ninjago: Mistrzowie Spinjitzu Pramatka
10%
Wiara
10%
Jimmy
0%
Noble
0%
Rufus McCallister
0%
Nie znaleziono quizów pasujących do podanych kryteriów
Rozkład punktacji
Procent ludzi z każdym wynikiem
Percentyl według liczby udzielonych odpowiedzi
Twoja historia wyników
Nie rozwiązałeś tego quizu